Steven Spielberg Films by Poster - Statistics

General Stats
  • This quiz has been taken 227 times
    130 since last reset
  • The average score is 21 of 34
Answer Stats
Picture Hint Answer % Correct
1975 {Jaws}
97%
1982 {E}.{T}. the {Extra}-{Terrestrial}
96%
1993 {Jurassic} {Park}
95%
1998 {Saving} {Private} {Ryan}
91%
1981 {Raiders} of the {Lost} {Ark}
88%
2012 {Lincoln}
86%
1991 {Hook}
85%
1993 {Schindler}'{s} {List}
85%
2002 {Catch} {Me} {If} {You} {Can}
82%
1984 {Indiana} {Jones} and
the {Temple} of {Doom}
79%
1989 {Indiana} {Jones} and
the {Last} {Crusade}
71%
2021 {West} {Side} {Story}
70%
2016 The {BFG}
69%
2004 The {Terminal}
68%
2011 {War} {Horse}
67%
2008 {Indiana} {Jones} and
the {Kingdom} of the {Crystal} {Skull}
65%
1977 {Close} {Encounters} of the {Third} {Kind}
62%
2011 The {Adventures} of {Tintin}
60%
1985 The {Color} {Purple}
59%
2015 {Bridge} of {Spies}
56%
1997 The {Lost} {World}:
{Jurassic} {Park}
55%
2002 {Minority} {Report}
54%
1987 {Empire} of the {Sun}
53%
2001 {A}.{I}. {Artificial} {Intelligence}
50%
2005 {War} of the {Worlds}
50%
2018 {Ready} {Player} {One}
45%
2022 The {Fabelmans}
41%
1997 {Amistad}
38%
1979 {1941}
37%
2017 The {Post}
37%
1971 {Duel}
33%
2005 {Munich}
31%
1974 The {Sugarland} {Express}
28%
1989 {Always}
25%
No matching quizzes found
Score Distribution
Percent of People with Each Score
Percentile by Number Answered
Your Score History
You have not taken this quiz since the last reset